|
|
|
|
| LEADER |
00000nam0a2200000 4500 |
| 001 |
42024 |
| 005 |
20231101210725.0 |
| 035 |
|
|
|a (RuTPU)RU\TPU\book\43202
|
| 090 |
|
|
|a 42024
|
| 100 |
|
|
|a 20020725d1975 m y0gery50 ba
|
| 101 |
0 |
|
|a ger
|
| 102 |
|
|
|a DE
|
| 105 |
|
|
|a a j 000zy
|
| 200 |
1 |
|
|a Deutsch fur Techniker
|a Ein Lese- und Ubungssbuch fur Auslander
|f H. Eisenreich, C. Kohler, R. Meinecke и др.
|e Mit 112 Abbildungen, 9 Tabellen und einem Fachwortverzeichnis in deutscher, russischer und englischer Sprache
|
| 210 |
|
|
|a Leipzig
|c VEB Verlag Enzyklopadie
|d 1975
|
| 215 |
|
|
|a 376 p.
|c il.
|e Прил.: Fachworttverzeichnis.-93 p.
|
| 606 |
1 |
|
|a Немецкий язык
|x Для вузов
|x Учебные руководства и пособия. Хрестоматии. Книги для чтения
|2 stltpush
|3 (RuTPU)RU\TPU\subj\45401
|9 64643
|
| 610 |
1 |
|
|a техника
|
| 610 |
1 |
|
|a металловедение
|
| 610 |
1 |
|
|a черные металлы
|
| 610 |
1 |
|
|a цветные металлы
|
| 610 |
1 |
|
|a обработка
|
| 610 |
1 |
|
|a технологические процессы
|
| 610 |
1 |
|
|a коррозия
|
| 610 |
1 |
|
|a материалы
|
| 610 |
1 |
|
|a испытания
|
| 610 |
1 |
|
|a неметаллы
|
| 610 |
1 |
|
|a литье
|
| 610 |
1 |
|
|a отливки
|
| 610 |
1 |
|
|a форма
|
| 610 |
1 |
|
|a разделение
|
| 610 |
1 |
|
|a машиноведение
|
| 610 |
1 |
|
|a электротехника
|
| 610 |
1 |
|
|a применение
|
| 610 |
1 |
|
|a автоматизация
|
| 610 |
1 |
|
|a термины
|
| 686 |
|
|
|a Ш143.24-923.81
|v LBC/SL-A
|2 rubbk
|
| 701 |
|
1 |
|a Eisenreich
|b H.
|g Hans
|
| 701 |
|
1 |
|a Kohler
|b C.
|g Claus
|
| 701 |
|
1 |
|a Meinecke
|b R.
|g Renate
|
| 701 |
|
1 |
|a Michel
|b A.
|g Arthur
|
| 701 |
|
1 |
|a Reinhardt
|b W.
|g Werner
|
| 701 |
|
1 |
|a Riedel
|b H.
|g Herbert
|
| 801 |
|
1 |
|a RU
|b 63413507
|c 20020725
|g PSBO
|
| 801 |
|
2 |
|a RU
|b 63413507
|c 20211229
|g PSBO
|
| 942 |
|
|
|c BK
|